Southville International School and Colleges
Your cart is empty.
  • Cart
  • Lists
    Public lists Eva Luna New books Lux_list list_1
    Your lists Log in to create your own lists
  • Log in to your account
  • Your cookies
  • Search history
Southville International School and Colleges
  • Advanced search
  • Recent comments
  • Most popular
  • Libraries

Log in to your account

Log in with GOOGLE


If you do not have an external account, but do have a local account, you can still log in:

  1. Home
  2. MARC view: Emergent :
Normal view MARC view ISBD view

Emergent : (Record no. 359298)

[ view plain ]
MARC details
000 -LEADER
fixed length control field 00500nam a2200145Ia 4500
008 - FIXED-LENGTH DATA ELEMENTS--GENERAL INFORMATION
fixed length control field 181023s9999 xx 000 0 und d
020 ## - INTERNATIONAL STANDARD BOOK NUMBER
International Standard Book Number 9780730336815
100 ## - MAIN ENTRY--PERSONAL NAME
Personal name Johnson, Stephen Scott.
245 ## - TITLE STATEMENT
Statement of responsibility, etc Stephen Scott Johnson.--
Title Emergent :
Remainder of title ignite purpose, transform culture, make change stick /
260 ## - PUBLICATION, DISTRIBUTION, ETC. (IMPRINT)
Place of publication, distribution, etc Australia :
Name of publisher, distributor, etc John Wiley & Sons
Date of publication, distribution, etc 2017
300 ## - PHYSICAL DESCRIPTION
Extent xxvii, 209 pages.
500 ## - GENERAL NOTE
General note Includes indexes.
650 ## - SUBJECT ADDED ENTRY--TOPICAL TERM
Topical term or geographic name as entry element Organizational change -- management.
650 ## - SUBJECT ADDED ENTRY--TOPICAL TERM
Topical term or geographic name as entry element Success in business.
Holdings
Withdrawn status Lost status Damaged status Home library Current library Shelving location Date acquired Source of acquisition Total Checkouts Full call number Barcode Date last seen Price effective from Koha item type
      College Library College Library Reserve Section 10/23/2018 Library Fund   HD 58.8 .J73 2017 C21657 10/23/2018 10/23/2018 Books

Emergent :

APA

Johnson S. S., . (2017). Emergent. Australia: John Wiley & Sons.

Chicago

Johnson Stephen Scott, . 2017. Emergent. Australia: John Wiley & Sons.

Harvard

Johnson S. S., . (2017). Emergent. Australia: John Wiley & Sons.

MLA

Johnson Stephen Scott, . Emergent. Australia: John Wiley & Sons. 2017.

  • Place hold
  • Print
  • Cite
  • Add to your cart (remove)
  • Save record
    BIBTEX Dublin Core MARCXML MARC (non-Unicode/MARC-8) MARC (Unicode/UTF-8) MARC (Unicode/UTF-8, Standard) MODS (XML) RIS
  • More searches
    Search for this title in:
    Other Libraries (WorldCat) Other Databases (Google Scholar) Online Stores (Bookfinder.com) Open Library (openlibrary.org)

Exporting to Dublin Core...

SOUTHVILLE LIBRARY

Southville International School and Colleges Library

1281 Tropical Ave. Cor. Luxembourg St., BF Homes International, Las Pinas City

Tel. No. 8256374 / 252358 Loc. 117/146

Powered by Koha